000 00310nam a22001097a 4500
008 160713b xxu||||| |||| 00| 0 eng d
100 _92784
_aTeachers Guide for Rocket
245 _aTeachers Guide for Rocket
260 _aBoston
_b Houghton Mifflin
_c1979
300 _aTeachers Guide for Rocket
942 _2ddc
_cBK
999 _c2402
_d2402